000 00640nam a2200277Ia 4500
005 20260324141018.0
008 008 260324s9999 xx 000 0 eng d
020 _a9781315006888
037 _aEBOOK
040 _aCRL
040 _beng
040 _cCRL
041 _2eng
041 _aeng
084 _qCRL
100 _a Levin L. Schucking
_91206586
245 0 _aSociology Lit Taste Ils 90
260 _bTaylor and Francis
260 _c1998
365 _a
365 _b89.99
856 _uhttp://www.taylorfrancis.com/books/9781315006888
942 _cEBOOK
999 _c1809237
_d1809237